000 00473nam a2200181Ia 4500
001 3254
005 20260306144907.0
008 260306t1996||||xx |||||||||||||| ||spa||
041 _aESP
082 _a262.91
_bJ81H
100 _aJuan Pablo II, Papa
_eAUT
245 0 _aEl horizonte de la renovación conciliar:
_buna mirada al Concilio Vaticano II
260 _c1996
300 _a101 pƔginas :
_c20 cm.
650 _aGEN
654 _aCHU
942 _cLIB
_dJUS
_fJUS
_2ddc
_n
999 _c3254
_d3254